100 Filosofos - Statistics

Estatísticas Gerais
  • Esse quiz foi jogado 498 vezes
  • A pontuação média é 16 de 100
Estatísticas das Respostas
Hint Resposta % Correto
46 Sócrates
87%
48 Aristóteles
84%
47 Platão
84%
28 Kant
56%
12 Nietzsche
56%
6 Descartes
53%
14 Marx
52%
51 Tales
46%
32 Locke
43%
3 Rousseau
42%
42 Santo Agostinho
40%
13 Hegel
39%
4 Sartre
38%
11 Schopenhauer
36%
33 Hobbes
35%
50 Heráclito
33%
41 São Tomás de Aquino
33%
2 Voltaire
31%
34 Hume
29%
57 Epicuro
28%
49 Parmênides
27%
58 Diógenes
26%
77 Foucault
25%
52 Demócrito
24%
63 Sêneca
22%
54 Anaximandro
21%
65 Kierkegaard
20%
31 Bacon
19%
26 Heidegger
19%
53 Anaxímenes
18%
81 Espinosa
16%
30 Wittgenstein
16%
21 Adorno
15%
1 Diderot
15%
36 Russel
15%
91 Comte
13%
19 Habermas
11%
78 Hannah Arendt
11%
25 Leibniz
11%
64 Cícero
10%
8 Deleuze
10%
37 Husserl
10%
22 Benjamin
9%
67 Ortega y Gasset
9%
29 Popper
9%
83 Boécio
8%
9 Derrida
8%
55 Leucipo
8%
71 Plotino
8%
98 Berkeley
7%
38 Frege
7%
60 Gramsci
7%
56 Pirro
7%
70 Santo Anselmo
7%
17 Schiller
7%
90 Averróis
6%
20 Marcuse
6%
5 Merleau Ponty
6%
89 Avicena
5%
74 Quine
5%
79 Rawls
5%
61 Schelling
5%
59 Vico
5%
39 Bruno
4%
15 Feuerbach
4%
18 Fichte
4%
27 Gadamer
4%
10 Guattari
4%
92 James
4%
99 Jaspers
4%
76 Malebranche
4%
100 Novalis
4%
16 Schlegel
4%
24 Apel
3%
93 Baudrillard
3%
7 Bergson
3%
40 Campanella
3%
95 Dewey
3%
88 Feyerabend
3%
35 Khun
3%
73 Lucrécio
3%
45 Ockam
3%
43 Santo Abelardo
3%
94 Bachelard
2%
66 Carnap
2%
87 Cassirer
2%
69 Gassendi
2%
23 Horckheimer
2%
80 Kripke
2%
96 Nicolau de Cusa
2%
72 Salaquarda
2%
97 Suarez
2%
84 Condillac
1%
82 Davidson
1%
44 Duns Scotus
1%
85 Helvétius
1%
68 La Mettrie
1%
75 Putnam
1%
86 Tungendhat
1%
62 Schleiermacher
0%
Nenhum quiz correspondente encontrado
Distribuição das Pontuações
Porcentagem de Pessoas com Cada Pontuação
Percentil de Números Respondidos
Sua Pontuação Histórica
Você não jogou esse quiz